Censo nacional agropecuario. Año 1937. [Economía rural]
Saved in:
| Corporate Author: | |
|---|---|
| Format: | Book |
| Language: | Spanish |
| Published: |
Buenos Aires,
G. Kraft, Ltda.,
1940.
|
| Subjects: | |
| Tags: |
Add Tag
No Tags, Be the first to tag this record!
|
| LEADER | 00703nam a2200193K 4500 | ||
|---|---|---|---|
| 001 | 003901366-9 | ||
| 005 | 20020606095253.2 | ||
| 008 | 890217s1940 ag a s 000 0 spa d | ||
| 035 | 0 | |a ocm19230057 | |
| 040 | |a EEM |c EEM |d HLS | ||
| 090 | |a HD1861 |b .A6 1937 | ||
| 110 | 1 | |a Argentina. |b Comisión Nacional del Censo Agropecuario. | |
| 245 | 1 | 0 | |a Censo nacional agropecuario. |b Año 1937. [Economía rural] |
| 260 | |a Buenos Aires, |b G. Kraft, Ltda., |c 1940. | ||
| 300 | |a 1137 p. |b illus. |c 27 cm. | ||
| 500 | |a At head of title: República Argentina. Ministerio de Agricultura. Comisión Nacional del Censo Agropecuario. Ley no. 12343. | ||
| 650 | 0 | |a Agriculture |z Argentina |v Statistics. | |
| 988 | |a 20020608 | ||
| 906 | |0 OCLC | ||


